000 00370nam a22001217a 4500
999 _c13737
_d13737
020 _a9781119020561
082 _a332.109
100 _aHussein Kureshi ; Mohsin Hayat
245 _aContracts and Deals in Islamic Finance: A Users Guide to Cash Flows, Balance Sheets, and Capital Structures
260 _aSingapore
_bWiley
_c2015
300 _axxiv, 360 pages
942 _cBK